|
|
|
|
| LEADER |
000000am a2200000 a 4500 |
| 001 |
15693 |
| 005 |
20230308175804.0 |
| 008 |
974060|1972 ||||||||r|||||||||||spa|| |
| 040 |
|
|
|b spa
|
| 041 |
0 |
|
|a Es
|
| 082 |
0 |
|
|a 618.92
|b Men
|
| 100 |
1 |
|
|a Meneghello R., Julio
|9 82002
|
| 245 |
1 |
1 |
|a Pediatría
|c Julio Meneghello R.
|h imp
|
| 264 |
|
|
|a Buenos Aires
|b Inter-Médica
|c 1972
|
| 300 |
|
|
|a 2 v.
|b ilus., tbls.
|
| 504 |
|
|
|a incl. ref.
|
| 650 |
1 |
0 |
|a Pediatría
|9 2161
|
| 852 |
|
|
|a UC-SALUD
|f compra
|k mariana.feican
|l 1
|m General
|p 19740607
|q S/. 1.250
|t 15693
|b 0
|d CDRS
|e CDRS
|g 618.92 Men
|z 1974-40-60
|
| 942 |
|
|
|c BK
|
| 999 |
|
|
|c 51024
|d 51024
|